000 00918nas a2200301 4500
001 BR2013009715
003 BR-BrBNA
005 20231205123316.0
007 ta
008 230509b bl.|||p| |||| 00| 00por d
040 _aBR-BrBNA
_bpor
_cBiblioteca Nacional de Agricultura
041 _a(Pt)
072 _aQ04
100 1 _aTrombini, F.R.M.
100 1 _aLeonel, M.
100 1 _aMischan, M.M.
245 1 _aCaracterísticas físicas, reológicas e sensorial de produtos extrusados de misturas de farinha de maracujá e fécula de mandioca
650 _aMANDIOCA
650 _aFÉCULA
650 _aFARINHA
650 _aMARACUJÁ
650 _aANÁLISE ORGANOLÉPTICA
650 _aEXTRUSÃO
650 _aTEMPERATURA
773 0 _tCiência Rural (Brazil)
_xISSN 0103-8478
_g(Oct 2013), v. 43 (10) p. 1885-1891
_wBR2013009715
909 _a202311
_bLúcia
_c55
_dLúcia Elande
942 _2AGRIS
_n0
_cANA
999 _c233241
_d233241